IELTS Foundation : (Record no. 17547)

MARC details
000 -LEADER
fixed length control field 00761nam a22002057a 4500
008 - FIXED-LENGTH DATA ELEMENTS--GENERAL INFORMATION
fixed length control field 130924b xxu||||| |||| 00| 0 eng d
020 ## - INTERNATIONAL STANDARD BOOK NUMBER
International Standard Book Number 0230425798
020 ## - INTERNATIONAL STANDARD BOOK NUMBER
International Standard Book Number 9780230425798
082 ## - DEWEY DECIMAL CLASSIFICATION NUMBER
Classification number 428.24
Item number IEL
Edition number 22
245 ## - TITLE STATEMENT
Title IELTS Foundation :
Remainder of title Study Skills : A self-study course for all Academic Modules /
Statement of responsibility, etc Short, Jane... [et al.].
250 ## - EDITION STATEMENT
Edition statement 2nd ed.
260 ## - PUBLICATION, DISTRIBUTION, ETC. (IMPRINT)
Place of publication, distribution, etc Oxford :
Name of publisher, distributor, etc Macmillan Education,
Date of publication, distribution, etc 2012
300 ## - PHYSICAL DESCRIPTION
Extent 96 p. :
Other physical details ill. ;
Dimensions 28 cm. +
Accompanying material 1 sound disc (CD)
650 ## - SUBJECT ADDED ENTRY--TOPICAL TERM
9 (RLIN) 8449
Topical term or geographic name as entry element English language
Form subdivision -- Problems, exercises
650 ## - SUBJECT ADDED ENTRY--TOPICAL TERM
9 (RLIN) 43
Topical term or geographic name as entry element English language
Form subdivision Textbooks for foreign speakers.
650 ## - SUBJECT ADDED ENTRY--TOPICAL TERM
9 (RLIN) 35
Topical term or geographic name as entry element International English Language Testing System.
653 ## - INDEX TERM--UNCONTROLLED
Resource For college
Arrived date list September2013
700 ## - ADDED ENTRY--PERSONAL NAME
9 (RLIN) 33732
Personal name Short, Jane
942 ## - ADDED ENTRY ELEMENTS (KOHA)
Source of classification or shelving scheme Dewey Decimal Classification
Item type Book - Borrowing
Holdings
Withdrawn status Item status Source of classification or shelving scheme Damaged status Not for loan Vendor Home library Current library Shelving location Date acquired Source of acquisition Total Checkouts Total Renewals Full call number Barcode Checked out Date last seen Date last borrowed Koha item type
    Dewey Decimal Classification     Baccah Central Library Central Library Second Floor 24/09/2013   5 6 428.24 IEL 000028909 14/03/2020 11/12/2019 11/12/2019 Book - Borrowing
    Dewey Decimal Classification     Baccah Central Library Central Library Second Floor 25/09/2013 Purchase 2 2 428.24 IEL 000042865   24/08/2022 29/01/2014 CD | DVD - With book